000 00287nam a2200109Ia 4500
008 220204s9999 xx 000 0 und d
082 _a621.316(035)
_bSME
245 0 _aSwitchgear and control handbook
260 _aNew York
_bMcGraw Hill
_c1977
700 _aSmeaton, Robert W
942 _cBK
999 _c25456
_d25456